[Event "LSS SB-2009-0-00079"]
[Site "LSS email"]
[Date "2010.01.19"]
[Round "?"]
[White "Introini, Luis Freddy"]
[Black "Bujdak, Pavol"]
[Result "1-0"]
[WhiteElo "1876"]
[BlackElo "1808"]
[PlyCount "61"]
[EventDate "2009.12.27"]
[EventType "tourn (corr)"]
[EventRounds "6"]
[EventCountry "GER"]
[SourceTitle "Telechess CBM 141"]
[Source "ChessBase"]
[SourceDate "2011.03.17"]
[SourceVersion "1"]
[SourceVersionDate "2011.03.17"]
[SourceQuality "1"]

1. d4 Nf6 2. c4 e6 3. Nc3 b6 4. e4 Bb4 5. Bd3 Bb7 6. Qc2 Nc6 7. Nf3 d6 8. 0-0 Bxc3 9. Qxc3 0-0 10. e5 Nh5 11. g4 Nxd4 12. Nxd4 Qh4 13. f3 dxe5 14. Ne2 e4 15. Bxe4 Bxe4 16. gxh5 Bb7 17. h6 f6 18. Qd4 Qxd4+ 19. Nxd4 Kf7 20. hxg7 Rfd8 21. Be3 c5 22. Nb5 a6 23. Nc3 Kxg7 24. Kf2 Kf7 25. Rad1 Bc6 26. Ne4 Bxe4 27. fxe4 Ke7 28. b4 cxb4 29. Bxb6 Rxd1 30. Rxd1 a5 31. c5 1-0

[Event "LSS SB-2009-0-00056"]
[Site "LSS email"]
[Date "2009.07.19"]
[Round "?"]
[White "Ponting, Andrew"]
[Black "Introini, Luis Freddy"]
[Result "1/2-1/2"]
[WhiteElo "1912"]
[BlackElo "800"]
[PlyCount "59"]
[EventDate "2009.06.14"]
[EventType "tourn (corr)"]
[EventRounds "6"]
[EventCountry "GER"]
[SourceTitle "Telechess CBM 137"]
[Source "ChessBase"]
[SourceDate "2010.07.15"]
[SourceVersion "1"]
[SourceVersionDate "2010.07.15"]
[SourceQuality "1"]

1. d4 Nf6 2. c4 g6 3. Nc3 Bg7 4. e4 d6 5. Nf3 0-0 6. Be2 e5 7. 0-0 Nc6 8. d5 Ne7 9. b4 Nh5 10. Re1 Nf4 11. Bf1 a5 12. bxa5 Rxa5 13. a4 Bg4 14. h3 Bd7 15. Ra3 h6 16. Bxf4 exf4 17. Qd2 g5 18. e5 dxe5 19. Nxe5 Bxe5 20. Rxe5 Ng6 21. Re1 b6 22. Qd4 f6 23. Ne4 f5 24. Nc3 Qf6 25. Qxf6 Rxf6 26. Raa1 Kf7 27. Nb5 Bxb5 28. axb5 Rxa1 29. Rxa1 Ke7 30. Re1+ 1/2-1/2

[Event "LSS SB-2009-0-00054"]
[Site "LSS email"]
[Date "2009.06.29"]
[Round "?"]
[White "Introini, Luis Freddy"]
[Black "Dantas, Roberto"]
[Result "1-0"]
[WhiteElo "1885"]
[BlackElo "1937"]
[PlyCount "91"]
[EventDate "2009.05.08"]
[EventType "tourn (corr)"]
[EventRounds "6"]
[EventCountry "GER"]
[SourceTitle "Corr 2011"]
[Source "ChessBase"]
[SourceDate "2010.08.31"]
[SourceVersion "1"]
[SourceVersionDate "2010.08.31"]
[SourceQuality "1"]

1. e4 c5 2. Nf3 Nc6 3. d4 cxd4 4. Nxd4 e6 5. Nb5 d6 6. Bf4 e5 7. Be3 a6 8. N5c3 Nf6 9. Bg5 Be7 10. Nd2 0-0 11. Nc4 Bg4 12. f3 Be6 13. Be3 Nb4 14. a3 d5 15. Nxe5 d4 16. axb4 dxe3 17. Qxd8 Rfxd8 18. Nd3 Rac8 19. Ke2 Bc4 20. Kxe3 Re8 21. g3 Bxd3 22. cxd3 Bxb4 23. Bh3 Rc6 24. Rhc1 Rc5 25. Na2 Rxc1 26. Rxc1 Bd6 27. Rc8 Kf8 28. Rxe8+ Kxe8 29. Bc8 Nd7 30. Bxb7 Nc5 31. Bc6+ Ke7 32. d4 Ne6 33. Nc3 f6 34. f4 Bb8 35. e5 Ba7 36. Ne2 g5 37. Ke4 gxf4 38. gxf4 f5+ 39. Kd5 h5 40. Bb7 a5 41. Bc8 Ng7 42. Ng3 Kd8 43. Nxf5 Nxf5 44. Bxf5 a4 45. h4 Bb6 46. Bg6 1-0

[Event "LSS SB-2009-0-00054"]
[Site "LSS email"]
[Date "2009.06.29"]
[Round "?"]
[White "Introini, Luis Freddy"]
[Black "Hrubaru, Mircea"]
[Result "1/2-1/2"]
[WhiteElo "1863"]
[BlackElo "1967"]
[PlyCount "71"]
[EventDate "2009.05.08"]
[EventType "tourn (corr)"]
[EventRounds "6"]
[EventCountry "GER"]
[SourceTitle "Corr 2011"]
[Source "ChessBase"]
[SourceDate "2010.08.31"]
[SourceVersion "1"]
[SourceVersionDate "2010.08.31"]
[SourceQuality "1"]

1. d4 d5 2. c4 c6 3. Nf3 Nf6 4. Nc3 e6 5. Bg5 h6 6. Bxf6 Qxf6 7. e3 Nd7 8. Bd3 dxc4 9. Bxc4 g6 10. 0-0 Bg7 11. b4 0-0 12. a4 Qe7 13. Rb1 a5 14. b5 Nb6 15. Bb3 Nd5 16. Nxd5 exd5 17. Bc2 Be6 18. bxc6 bxc6 19. Qd2 Bg4 20. Ne1 c5 21. h3 Bd7 22. dxc5 Qxc5 23. Nd3 Qd6 24. Nf4 d4 25. Ne2 d3 26. Bxd3 Rfd8 27. Qd1 Bc6 28. Bb5 Qe7 29. Nd4 Be4 30. Rc1 Qg5 31. Qg4 Qxg4 32. hxg4 Bxd4 33. exd4 Rxd4 34. Rfd1 Rxd1+ 35. Rxd1 Kg7 36. Rd7 1/2-1/2

[Event "LSS SB-2009-0-00054"]
[Site "LSS email"]
[Date "2009.06.29"]
[Round "?"]
[White "Introini, Luis Freddy"]
[Black "Santo, Moises"]
[Result "0-1"]
[WhiteElo "1885"]
[BlackElo "1870"]
[PlyCount "40"]
[EventDate "2009.05.08"]
[EventType "tourn (corr)"]
[EventRounds "6"]
[EventCountry "GER"]
[SourceTitle "Corr 2011"]
[Source "ChessBase"]
[SourceDate "2010.08.31"]
[SourceVersion "1"]
[SourceVersionDate "2010.08.31"]
[SourceQuality "1"]

1. e4 c5 2. Nf3 d6 3. d4 cxd4 4. Nxd4 Nf6 5. Nc3 g6 6. Be3 Bg7 7. f3 0-0 8. Bc4 Nc6 9. Qd2 Bd7 10. h4 Rc8 11. Bb3 h5 12. 0-0-0 Ne5 13. Bg5 Rc5 14. Kb1 Re8 15. Rhe1 b5 16. f4 Nc4 17. Bxc4 Rxc4 18. e5 Nh7 19. Ndxb5 Nxg5 20. hxg5 Qb8 0-1

[Event "LSS SB-2009-0-00054"]
[Site "LSS email"]
[Date "2009.06.29"]
[Round "?"]
[White "Jordaan, Wayne"]
[Black "Introini, Luis Freddy"]
[Result "1/2-1/2"]
[WhiteElo "1662"]
[BlackElo "1899"]
[PlyCount "78"]
[EventDate "2009.05.08"]
[EventType "tourn (corr)"]
[EventRounds "6"]
[EventCountry "GER"]
[SourceTitle "Corr 2013"]
[Source "ChessBase"]
[SourceDate "2012.11.12"]
[SourceVersion "1"]
[SourceVersionDate "2012.11.12"]
[SourceQuality "1"]
[WhiteTeam "US of America"]
[BlackTeam "US of America"]
[WhiteTeamCountry "USA"]
[BlackTeamCountry "USA"]

1. d4 Nf6 2. c4 g6 3. e3 Bg7 4. Nc3 0-0 5. Be2 d5 6. Nf3 c6 7. 0-0 dxc4 8. Bxc4 Bg4 9. h3 Bxf3 10. Qxf3 Nbd7 11. Rd1 e5 12. d5 e4 13. Nxe4 Ne5 14. Nxf6+ Bxf6 15. Qe4 Nxc4 16. Qxc4 cxd5 17. Rxd5 Qb6 18. Rb5 Qa6 19. Qb3 Rad8 20. e4 Rd1+ 21. Qxd1 Qxb5 22. Rb1 Qc4 23. Bh6 Bg7 24. Bxg7 Kxg7 25. Qd5 Qxd5 26. exd5 Rd8 27. Rd1 Kf6 28. f4 Ke7 29. Rd4 Kd6 30. b4 Rc8 31. a4 Rc2 32. f5 gxf5 33. Rh4 Kxd5 34. Rxh7 Ke6 35. Rh4 b6 36. Rh6+ Ke5 37. a5 bxa5 38. bxa5 Rc5 39. Ra6 Rc7 1/2-1/2